[Event "FIDE WRBTC Blitz-Pool 2024"]
[Site "Astana"]
[Date "2024.08.05"]
[Round "1.1"]
[White "Martirosyan, Haik M."]
[Black "Akhmedinov, Satbek"]
[Result "1-0"]
[WhiteElo "2667"]
[BlackElo "2379"]
[Annotator "ChessBase"]
[PlyCount "55"]
[EventDate "2024.08.01"]
[EventType "team-tourn"]
[EventCountry "KAZ"]
[SourceTitle "playchess.com"]
[Source "ChessBase"]
[SourceQuality "1"]

1. d4 Nf6 2. c4 g6 3. Nc3 d5 4. cxd5 Nxd5 5. e3 Bg7 6. Bc4 Nb6 7. Bb3 O-O 8. Nf3 c6 9. O-O N8d7 10. e4 e5 11. dxe5 Nxe5 12. Nxe5 Bxe5 13. f4 Bd4+ 14. Kh1 Bxc3 15. bxc3 Qxd1 16. Rxd1 Bg4 17. Re1 Rfd8 18. f5 Rd3 19. h3 Bh5 20. Kh2 a5 21. g4 Rad8 22. Bg5 Rd2+ 23. Bxd2 Rxd2+ 24. Kg3 a4 25. Rad1 Rb2 26. f6 h6 27. Rd8+ Kh7 28. Bxf7 1-0

[Event "FIDE WRBTC Blitz-Pool 2024"]
[Site "Astana"]
[Date "2024.08.05"]
[Round "1.1"]
[White "Tologon tegin, Semetei"]
[Black "Carlsen, Magnus"]
[Result "0-1"]
[WhiteElo "2337"]
[BlackElo "2832"]
[Annotator "TA"]
[PlyCount "55"]
[EventDate "2024.08.01"]
[EventType "team-tourn"]
[EventCountry "KAZ"]
[SourceTitle "playchess.com"]
[Source "ChessBase"]
[SourceQuality "1"]

1. g3 h5 2. Nf3 h4 3. Nxh4 e5 4. Nf3 Nc6 5. d3 d5 6. Bg2 Bh3 7. Bxh3 Rxh3 8. c4 Nf6 9. cxd5 Qxd5 10. Nc3 Bb4 11. Bd2 Bxc3 12. Bxc3 O-O-O 13. Qb3 Qxb3 14. axb3 Ng4 15. Kf1 Rh5 16. Kg2 Nf6 17. h3 Nd5 18. g4 Rh6 19. Bxe5 Nxe5 20. Nxe5 Re8 21. d4 f6 22. g5 Rh5 23. gxf6 gxf6 24. Nc4 Rxe2 25. Rxa7 Rf5 26. Ra8+ Kd7 27. Kg3 Rexf2 28. Rg8 0-1

[Event "FIDE WRBTC Blitz-Pool 2024"]
[Site "Astana"]
[Date "2024.08.05"]
[Round "1.2"]
[White "Nepomniachtchi, Ian"]
[Black "Markov, Mikhail"]
[Result "1-0"]
[WhiteElo "2767"]
[BlackElo "2255"]
[Annotator "TA"]
[PlyCount "94"]
[EventDate "2024.08.01"]
[EventType "team-tourn"]
[EventCountry "KAZ"]
[SourceTitle "playchess.com"]
[Source "ChessBase"]
[SourceQuality "1"]

1. e4 c5 2. Nf3 d6 3. c3 Nf6 4. Be2 e5 5. O-O Nc6 6. d4 Bg4 7. d5 Nb8 8. Nfd2 Bxe2 9. Qxe2 Be7 10. a4 O-O 11. Nc4 b6 12. b4 Ne8 13. Nba3 Nc7 14. f4 Nd7 15. fxe5 Nxe5 16. Nxe5 dxe5 17. b5 Ne8 18. Nc4 Bf6 19. Ne3 g6 20. Ng4 Qd6 21. Rf3 h5 22. Nxf6+ Nxf6 23. Bh6 Nd7 24. Bxf8 Rxf8 25. c4 Kg7 26. a5 f5 27. axb6 axb6 28. exf5 gxf5 29. Ra7 Kh6 30. Rxd7 Qxd7 31. Qxe5 Qg7 32. Qf4+ Qg5 33. Qxg5+ Kxg5 34. Re3 Ra8 35. Kf2 f4 36. Re5+ Kf6 37. Rxh5 Ra4 38. Rh6+ Ke5 39. Rxb6 Rxc4 40. d6 Rd4 41. Rc6 c4 42. d7 Rd2+ 43. Kf3 Rd3+ 44. Kg4 Rxd7 45. Rxc4 Rg7+ 46. Kf3 Rb7 47. Re4+ Kd5 1-0

[Event "FIDE WRBTC Blitz-Pool 2024"]
[Site "Astana"]
[Date "2024.08.05"]
[Round "1.2"]
[White "Aitbayev, Aslan"]
[Black "Vidit, Santosh Gujrathi"]
[Result "1-0"]
[WhiteElo "2380"]
[BlackElo "2720"]
[Annotator "TA"]
[PlyCount "55"]
[EventDate "2024.08.01"]
[EventType "team-tourn"]
[EventCountry "KAZ"]
[SourceTitle "playchess.com"]
[Source "ChessBase"]
[SourceQuality "1"]

1. e4 c5 2. Nf3 d6 3. d4 cxd4 4. Nxd4 Nf6 5. Nc3 Nc6 6. Bg5 e6 7. Qd2 a6 8. O-O-O Bd7 9. f4 b5 10. Bxf6 gxf6 11. Nxc6 Bxc6 12. f5 Qb6 13. fxe6 fxe6 14. Bd3 Qc5 15. Kb1 h5 16. Rhf1 Be7 17. Ne2 Qg5 18. Qxg5 fxg5 19. Nd4 Bd7 20. e5 d5 21. Bg6+ Kd8 22. Rf7 Rh6 23. Rg7 Bf8 24. Rg8 Kc7 25. Rf1 Rd8 26. Rf7 Kb6 27. Bd3 Rc8 28. Rxd7 1-0

[Event "FIDE WRBTC Blitz-Pool 2024"]
[Site "Astana"]
[Date "2024.08.05"]
[Round "1.2"]
[White "Sadybekov, Adilzhan"]
[Black "Artemiev, Vladislav"]
[Result "0-1"]
[WhiteElo "1674"]
[BlackElo "2699"]
[Annotator "ChessBase"]
[PlyCount "78"]
[EventDate "2024.08.01"]
[EventType "team-tourn"]
[EventCountry "KAZ"]
[SourceTitle "playchess.com"]
[Source "ChessBase"]
[SourceQuality "1"]

1. d4 Nf6 2. Nf3 e6 3. Bf4 b6 4. e3 Bb7 5. Nbd2 Be7 6. Bd3 Nh5 7. Bg3 d6 8. c3 Nd7 9. Qc2 g6 10. Be4 d5 11. Bd3 Nxg3 12. hxg3 c5 13. Bb5 a6 14. Bxd7+ Qxd7 15. Ne5 Qc7 16. Ndf3 Bd6 17. O-O-O O-O-O 18. Rh6 f6 19. Ng4 Bf8 20. Rh3 Qg7 21. Rdh1 h5 22. Ngh2 g5 23. g4 h4 24. Nf1 Bd6 25. N1d2 f5 26. Nh2 Bxh2 27. R3xh2 fxg4 28. dxc5 bxc5 29. Nb3 Qe7 30. Qe2 Rhf8 31. g3 d4 32. Rf1 d3 33. Qxg4 Bf3 34. Qa4 Qb7 35. Nxc5 d2+ 36. Kc2 d1=Q+ 37. Rxd1 Bxd1+ 38. Kc1 Bxa4 39. Nxb7 Rd1# 0-1

[Event "FIDE WRBTC Blitz-Pool 2024"]
[Site "Astana"]
[Date "2024.08.05"]
[Round "1.3"]
[White "Andreikin, Dmitry"]
[Black "Shevchenko, Alexandr"]
[Result "1-0"]
[WhiteElo "2729"]
[BlackElo "1814"]
[Annotator "TA"]
[PlyCount "60"]
[EventDate "2024.08.01"]
[EventType "team-tourn"]
[EventCountry "KAZ"]
[SourceTitle "playchess.com"]
[Source "ChessBase"]
[SourceQuality "1"]

1. d4 Nf6 2. Nf3 c5 3. d5 e6 4. Nc3 exd5 5. Nxd5 Nxd5 6. Qxd5 Be7 7. e4 d6 8. Bc4 O-O 9. O-O Nc6 10. Qh5 Be6 11. Bd3 Nb4 12. Ng5 Bxg5 13. Bxg5 f6 14. Bd2 Nxd3 15. cxd3 d5 16. Rfd1 d4 17. Qxc5 Qd7 18. Rdc1 Rfc8 19. Qa3 b6 20. h3 Kf7 21. Bf4 Kg8 22. Kh2 Qb5 23. Qd6 Qd7 24. Qb4 Qb7 25. Qxd4 Qd7 26. Qxd7 Bxd7 27. d4 Bb5 28. d5 Re8 29. f3 f5 30. e5 h6 1-0

[Event "FIDE WRBTC Blitz-Pool 2024"]
[Site "Astana"]
[Date "2024.08.05"]
[Round "1.3"]
[White "Van Foreest, Jorden"]
[Black "Akhmetov, Ayan"]
[Result "1-0"]
[WhiteElo "2696"]
[BlackElo "2380"]
[Annotator "ChessBase"]
[PlyCount "63"]
[EventDate "2024.08.01"]
[EventType "team-tourn"]
[EventCountry "KAZ"]
[SourceTitle "playchess.com"]
[Source "ChessBase"]
[SourceQuality "1"]

1. e4 e6 2. d4 d5 3. Nc3 Nf6 4. e5 Nfd7 5. f4 c5 6. Nf3 Nc6 7. Be3 a6 8. a3 b5 9. Ne2 a5 10. c3 Ba6 11. dxc5 Bxc5 12. Bxc5 Nxc5 13. Ned4 Qb6 14. Be2 O-O 15. O-O Ne4 16. Kh1 Rfc8 17. Nxc6 Qxc6 18. Nd4 Qb6 19. f5 exf5 20. Nxf5 Re8 21. Qd4 Qe6 22. Bh5 Qxe5 23. Qe3 Nf6 24. Qg5 g6 25. Nh6+ Kg7 26. Nf5+ Kg8 27. Be2 Ra7 28. Bd3 Kh8 29. Rae1 Ne4 30. Bxe4 dxe4 31. Rxe4 f6 32. Rxe5 1-0

[Event "FIDE WRBTC Blitz-Pool 2024"]
[Site "Astana"]
[Date "2024.08.05"]
[Round "1.3"]
[White "Erzhanov, Arman"]
[Black "Duda, Jan-Krzysztof"]
[Result "0-1"]
[WhiteElo "2114"]
[BlackElo "2733"]
[Annotator "TA"]
[PlyCount "76"]
[EventDate "2024.08.01"]
[EventType "team-tourn"]
[EventCountry "KAZ"]
[SourceTitle "playchess.com"]
[Source "ChessBase"]
[SourceQuality "1"]

1. e4 c6 2. d4 d5 3. exd5 cxd5 4. Bd3 Nc6 5. c3 Qc7 6. h3 Nf6 7. Nf3 g6 8. O-O Bf5 9. Be2 e6 10. Re1 h5 11. Bg5 Ne4 12. Be3 f6 13. Nbd2 g5 14. Nxe4 Bxe4 15. Nd2 Bg6 16. Nf1 O-O-O 17. Rc1 Kb8 18. Bd3 Bf5 19. Qc2 Qh7 20. Bxf5 exf5 21. Bd2 Qd7 22. Ne3 f4 23. Nf5 f3 24. g3 Ne7 25. Rxe7 Bxe7 26. Qd3 g4 27. h4 Ka8 28. Bf4 Rde8 29. b4 Bd8 30. Ne3 Bb6 31. b5 Re4 32. a4 Rhe8 33. Ra1 Bc7 34. Bxc7 Qxc7 35. a5 Rxe3 36. fxe3 Qxg3+ 37. Kf1 Qg2+ 38. Ke1 f2+ 0-1

[Event "FIDE WRBTC Blitz-Pool 2024"]
[Site "Astana"]
[Date "2024.08.05"]
[Round "1.4"]
[White "Praggnanandhaa R"]
[Black "Zheenbekov, Nurgazy"]
[Result "1-0"]
[WhiteElo "2749"]
[BlackElo "2124"]
[Annotator "TA"]
[PlyCount "85"]
[EventDate "2024.08.01"]
[EventType "team-tourn"]
[EventCountry "KAZ"]
[SourceTitle "playchess.com"]
[Source "ChessBase"]
[SourceQuality "1"]

1. d4 d5 2. Nf3 Nf6 3. Bf4 e6 4. e3 Bd6 5. Bg3 O-O 6. Nbd2 c5 7. Bd3 b6 8. O-O Ba6 9. Bxa6 Nxa6 10. c4 Bxg3 11. hxg3 cxd4 12. Nxd4 Nc5 13. Qe2 Rc8 14. Rfd1 Qe7 15. cxd5 Nxd5 16. e4 Nb4 17. a3 Nc6 18. N2f3 Nxd4 19. Nxd4 h6 20. Rac1 Rfd8 21. b4 Na4 22. Nc6 Rxd1+ 23. Qxd1 Rxc6 24. Rxc6 b5 25. Rc8+ Kh7 26. Qd8 Qb7 27. Qc7 Qxe4 28. Qc2 Qxc2 29. Rxc2 Nb6 30. Rc7 a6 31. Rxf7 Nc4 32. Ra7 Nxa3 33. Rxa6 Nc2 34. Rxe6 Nxb4 35. Rb6 Nd3 36. Rxb5 Nc1 37. Kf1 Na2 38. Ke1 Nc3 39. Re5 Na4 40. Ke2 Nb6 41. Rb5 Na4 42. Kd3 h5 43. Ke4 1-0

[Event "FIDE WRBTC Blitz-Pool 2024"]
[Site "Astana"]
[Date "2024.08.05"]
[Round "1.4"]
[White "Nugumanov, Bakhtiyar"]
[Black "Erdogmus, Yagiz Kaan"]
[Result "1/2-1/2"]
[WhiteElo "2288"]
[BlackElo "2599"]
[Annotator "ChessBase"]
[PlyCount "61"]
[EventDate "2024.08.01"]
[EventType "team-tourn"]
[EventCountry "KAZ"]
[SourceTitle "playchess.com"]
[Source "ChessBase"]
[SourceQuality "1"]

1. e4 g6 2. d4 Bg7 3. Nc3 d6 4. g3 h5 5. h3 Nc6 6. Nge2 e5 7. Be3 Nf6 8. Bg2 Bd7 9. Qd2 O-O 10. f4 exd4 11. Nxd4 Re8 12. O-O-O Na5 13. Qd3 c5 14. Ndb5 d5 15. e5 d4 16. Bxd4 cxd4 17. exf6 dxc3 18. fxg7 cxb2+ 19. Kb1 Bxb5 20. Qxb5 Qc7 21. Rd7 Qc3 22. Bd5 Kxg7 23. Rxf7+ Kh8 24. Qd7 Re1+ 25. Rxe1 Qxe1+ 26. Kxb2 Qb4+ 27. Kc1 Qe1+ 28. Kb2 Qb4+ 29. Kc1 Qe1+ 30. Kb2 Qb4+ 31. Kc1 1/2-1/2

[Event "FIDE WRBTC Blitz-Pool 2024"]
[Site "Astana"]
[Date "2024.08.05"]
[Round "1.4"]
[White "Tulekenova, Aiza"]
[Black "Maghsoodloo, Parham"]
[Result "0-1"]
[WhiteElo "1581"]
[BlackElo "2723"]
[Annotator "TA"]
[PlyCount "74"]
[EventDate "2024.08.01"]
[EventType "team-tourn"]
[EventCountry "KAZ"]
[SourceTitle "playchess.com"]
[Source "ChessBase"]
[SourceQuality "1"]

1. e4 c5 2. Nf3 Nc6 3. d4 cxd4 4. Nxd4 e5 5. Nb5 d6 6. N1c3 a6 7. Na3 Be6 8. Nd5 Nf6 9. Bg5 Bxd5 10. Bxf6 Qa5+ 11. c3 Be6 12. Bg5 h6 13. Be3 b5 14. Nc2 Be7 15. f4 exf4 16. Bxf4 O-O 17. Ne3 b4 18. Qd2 bxc3 19. bxc3 Ne5 20. Be2 Rac8 21. Rc1 Rc5 22. O-O Rfc8 23. Nd1 Qa4 24. Qe3 Ng6 25. Bg3 Bg5 26. Qf2 Bxc1 27. Bxd6 Ba3 28. Kh1 Qxe4 29. Bf3 Qc4 30. Qg3 Rg5 31. Qe1 Bxd6 32. Be2 Qxa2 33. Nf2 Nf4 34. Ne4 Qxe2 35. Qxe2 Nxe2 36. Nxd6 Rxc3 37. Ne4 Bd5 0-1

[Event "FIDE WRBTC Blitz-Pool 2024"]
[Site "Astana"]
[Date "2024.08.05"]
[Round "1.5"]
[White "Koneru, Humpy"]
[Black "Tokbayev, Anuar"]
[Result "1-0"]
[WhiteElo "2530"]
[BlackElo "1880"]
[Annotator "ChessBase"]
[PlyCount "101"]
[EventDate "2024.08.01"]
[EventType "team-tourn"]
[EventCountry "KAZ"]
[SourceTitle "playchess.com"]
[Source "ChessBase"]
[SourceQuality "1"]

1. Nf3 e6 2. c4 d5 3. d4 Nf6 4. e3 b6 5. b3 Bb7 6. Bb2 Nbd7 7. Bd3 Bd6 8. O-O O-O 9. Nbd2 Ne4 10. Rc1 f5 11. Qe2 Qe7 12. Rfd1 Rae8 13. Ne5 Bxe5 14. dxe5 f4 15. cxd5 Nxd2 16. Qxd2 Nc5 17. exf4 Bxd5 18. Ba3 Qh4 19. Bxc5 bxc5 20. Bc4 Rxf4 21. Bxd5 Rd4 22. Bxe6+ Rxe6 23. Qe3 Re4 24. Qxc5 R4xe5 25. Qxc7 Qe4 26. Rd8+ Re8 27. Rxe8+ Rxe8 28. Qc4+ Qxc4 29. bxc4 Re6 30. f3 Kf7 31. Kf2 Ra6 32. Rc2 Ke6 33. c5 Kd7 34. Ke3 Kc6 35. Kd4 Ra4+ 36. Ke5 a5 37. f4 g6 38. g4 Ra3 39. f5 gxf5 40. gxf5 Re3+ 41. Kf4 Re1 42. f6 Rf1+ 43. Ke5 Re1+ 44. Kf5 Rf1+ 45. Ke6 Re1+ 46. Kf7 h5 47. Rf2 Kd7 48. Kg6 Rg1+ 49. Kxh5 Ke8 50. Rc2 Rd1 51. c6 1-0

[Event "FIDE WRBTC Blitz-Pool 2024"]
[Site "Astana"]
[Date "2024.08.05"]
[Round "1.5"]
[White "Zhu, Jiner"]
[Black "Niyazbek, Nurtileu"]
[Result "1-0"]
[WhiteElo "2479"]
[BlackElo "1578"]
[Annotator "ChessBase"]
[PlyCount "60"]
[EventDate "2024.08.01"]
[EventType "team-tourn"]
[EventCountry "KAZ"]
[SourceTitle "playchess.com"]
[Source "ChessBase"]
[SourceQuality "1"]

1. e4 c5 2. Nf3 d6 3. d4 cxd4 4. Nxd4 Nf6 5. Nc3 g6 6. Be3 Bg7 7. Be2 Bd7 8. O-O Nc6 9. Qd2 h5 10. f3 Rc8 11. Rfe1 a6 12. Nxc6 Bxc6 13. Bf1 O-O 14. a4 Kh7 15. Rad1 Qd7 16. a5 Ne8 17. Kh1 Nc7 18. Nd5 Bxd5 19. exd5 Nb5 20. c4 Nc7 21. Bg5 f6 22. Be3 Ne8 23. Bd3 f5 24. b4 Nf6 25. Bg5 Rfe8 26. Re6 Ng8 27. Rde1 Bf6 28. h4 Kg7 29. Qf4 Rc7 30. Qg3 Qd8 1-0

[Event "FIDE WRBTC Blitz-Pool 2024"]
[Site "Astana"]
[Date "2024.08.05"]
[Round "1.5"]
[White "Samaganova, Aleksandra"]
[Black "Hou, Yifan"]
[Result "0-1"]
[WhiteElo "1948"]
[BlackElo "2633"]
[Annotator "ChessBase"]
[PlyCount "110"]
[EventDate "2024.08.01"]
[EventType "team-tourn"]
[EventCountry "KAZ"]
[SourceTitle "playchess.com"]
[Source "ChessBase"]
[SourceQuality "1"]

1. c4 e6 2. Nc3 d5 3. e3 Nf6 4. Nf3 b6 5. b3 Bb7 6. Bb2 a6 7. Be2 Bd6 8. O-O O-O 9. Qc2 Nbd7 10. Rac1 Qe7 11. d4 Rac8 12. Qb1 Ne4 13. Nxe4 dxe4 14. Ne5 Nb8 15. f4 exf3 16. Nxf3 c5 17. Bd3 h6 18. Be4 f5 19. Bxb7 Qxb7 20. Rcd1 Nd7 21. Qc2 Nf6 22. h3 Rce8 23. dxc5 Bxc5 24. Bd4 Ne4 25. Rfe1 Bd6 26. Be5 Bxe5 27. Nxe5 Qc7 28. Qb2 Rd8 29. Nf3 Qc5 30. Nd4 e5 31. Nc2 Rxd1 32. Rxd1 Nf6 33. Qc3 Qe7 34. b4 Rc8 35. a3 Qc7 36. Qb3 Qxc4 37. Qxc4+ Rxc4 38. Ne1 Rc3 39. Rd6 Rxe3 40. Kf2 Ne4+ 41. Kxe3 Nxd6 42. Nd3 Nc4+ 43. Ke2 Kf7 44. a4 Ke6 45. g3 Kd5 46. Kf2 Kd4 47. Ne1 e4 48. Nc2+ Kc3 49. Ne1 Kxb4 50. g4 g6 51. Ng2 fxg4 52. hxg4 g5 53. Ne1 Kxa4 54. Ke2 Kb3 55. Kd1 a5 0-1

[Event "FIDE WRBTC Blitz-Pool 2024"]
[Site "Astana"]
[Date "2024.08.05"]
[Round "1.6"]
[White "Altynbek, Aiaru"]
[Black "Ainakul, Mukhtar"]
[Result "0-1"]
[WhiteElo "1990"]
[BlackElo "1935"]
[Annotator "ChessBase"]
[PlyCount "56"]
[EventDate "2024.08.01"]
[EventType "team-tourn"]
[EventCountry "KAZ"]
[SourceTitle "playchess.com"]
[Source "ChessBase"]
[SourceQuality "1"]

1. d4 Nf6 2. c4 e6 3. Nf3 d5 4. Nc3 c6 5. e3 Nbd7 6. Be2 Be7 7. O-O O-O 8. b3 b6 9. Qc2 Bb7 10. e4 dxe4 11. Nxe4 c5 12. Nxf6+ Bxf6 13. Bb2 cxd4 14. Nxd4 Qe7 15. Rad1 Ne5 16. Nb5 Rfd8 17. Ba3 Qe8 18. Nc7 Qc6 19. f3 Qxc7 20. Rfe1 Rxd1 21. Qxd1 Rd8 22. Qc2 Ng6 23. Bf1 h5 24. Bc1 h4 25. h3 Bd4+ 26. Kh1 Qg3 27. Rd1 Bxf3 28. Rd3 Qxh3# 0-1

[Event "FIDE WRBTC Blitz-Pool 2024"]
[Site "Astana"]
[Date "2024.08.05"]
[Round "1.6"]
[White "Rosenstein, Wadim"]
[Black "Tynybekov, Bakyt"]
[Result "0-1"]
[WhiteElo "1887"]
[BlackElo "1795"]
[Annotator "NA"]
[PlyCount "72"]
[EventDate "2024.08.01"]
[EventType "team-tourn"]
[EventCountry "KAZ"]
[SourceTitle "playchess.com"]
[Source "ChessBase"]
[SourceQuality "1"]

1. e4 e6 2. d4 d5 3. e5 c5 4. c3 Qb6 5. Nf3 Nc6 6. Bd3 Bd7 7. O-O cxd4 8. Nbd2 Nge7 9. Re1 Ng6 10. h4 Nf4 11. Nb3 Nxd3 12. Qxd3 dxc3 13. bxc3 Na5 14. Be3 Qc7 15. Rab1 Nc4 16. Bd4 Na3 17. Rb2 Bb5 18. Qd1 Nc4 19. Rb1 a6 20. h5 h6 21. Nbd2 Na3 22. Rb3 Ba4 23. Rxb7 Qxb7 24. Qxa4+ Qb5 25. Qd1 Be7 26. Nb3 O-O 27. Nfd2 Rfc8 28. Qf3 a5 29. Qg3 a4 30. Nc1 Nc2 31. Be3 Kh8 32. Rd1 Rxc3 33. Nb1 Qxb1 34. Kh2 Nxe3 35. fxe3 Rxc1 36. Rxc1 Qxc1 0-1

[Event "FIDE WRBTC Blitz-Pool 2024"]
[Site "Astana"]
[Date "2024.08.05"]
[Round "1.6"]
[White "Serikov, Merey"]
[Black "Galymzhanuly, Ibragim"]
[Result "0-1"]
[WhiteElo "1616"]
[BlackElo "1929"]
[Annotator "RC"]
[PlyCount "62"]
[EventDate "2024.08.01"]
[EventType "team-tourn"]
[EventCountry "KAZ"]
[SourceTitle "playchess.com"]
[Source "ChessBase"]
[SourceQuality "1"]

1. d4 d5 2. c4 Bf5 3. Nc3 e6 4. Nf3 Nf6 5. Qb3 Nc6 6. e3 Nb4 7. e4 dxe4 8. Nh4 Be7 9. Nxf5 exf5 10. Be3 a5 11. a3 Na6 12. Qxb7 O-O 13. c5 Qc8 14. c6 Qxb7 15. cxb7 Ra7 16. d5 Nc5 17. Na4 Nfd7 18. b4 axb4 19. axb4 Rxa4 20. Rxa4 Nxa4 21. Bb5 Bxb4+ 22. Kf1 Ndc5 23. f3 Rb8 24. Bc6 Nc3 25. Bf4 Nxb7 26. Bxc7 Rc8 27. Be5 Na5 28. Bd7 Rd8 29. Bxf5 e3 30. Bf4 Rxd5 31. Be4 Rd1# 0-1

[Event "FIDE WRBTC Blitz-Pool 2024"]
[Site "Astana"]
[Date "2024.08.05"]
[Round "1.7"]
[White "Tin, Jingyao"]
[Black "Niemann, Hans Moke"]
[Result "0-1"]
[WhiteElo "2575"]
[BlackElo "2711"]
[Annotator "ChessBase"]
[PlyCount "110"]
[EventDate "2024.08.01"]
[EventType "team-tourn"]
[EventCountry "KAZ"]
[SourceTitle "playchess.com"]
[Source "ChessBase"]
[SourceQuality "1"]

1. d4 Nf6 2. c4 e6 3. Nc3 Bb4 4. e3 O-O 5. a3 Bxc3+ 6. bxc3 d6 7. Bd3 e5 8. e4 exd4 9. cxd4 Nxe4 10. Ne2 Re8 11. O-O Nd7 12. Qc2 Nef6 13. Bg5 Nf8 14. Nc3 h6 15. Bh4 Ne6 16. Ne2 c6 17. Rad1 Bd7 18. Bh7+ Kh8 19. Bf5 d5 20. cxd5 cxd5 21. Rfe1 Rc8 22. Qb3 Qb6 23. Qxb6 axb6 24. Bxf6 gxf6 25. Rb1 b5 26. Red1 Red8 27. Bd3 Ra8 28. Rb3 Ra5 29. h4 Rda8 30. Ra1 b4 31. Rxb4 b5 32. Rb3 Kg7 33. Bf5 Ra4 34. Rg3+ Kf8 35. Rc1 Rxa3 36. Rxa3 Rxa3 37. Nc3 Nxd4 38. Bxd7 Rxc3 39. Rd1 Rc4 40. Re1 b4 41. Re8+ Kg7 42. Rb8 b3 43. Rb7 Kf8 44. Bg4 Rc2 45. Bh5 b2 46. Kh2 Rxf2 47. Rxf7+ Kg8 48. Rb7 Nf5 49. Bf7+ Kf8 50. Bxd5 Ne3 51. Bf3 Nc4 52. Bd5 Na3 53. Be4 Re2 54. Bg6 Rd2 55. Kh3 Nc4 0-1

[Event "FIDE WRBTC Blitz-Pool 2024"]
[Site "Astana"]
[Date "2024.08.05"]
[Round "1.7"]
[White "Sychev, Klementy"]
[Black "Malyi, Viacheslav"]
[Result "1-0"]
[WhiteElo "2531"]
[BlackElo "2391"]
[Annotator "ChessBase"]
[PlyCount "77"]
[EventDate "2024.08.01"]
[EventType "team-tourn"]
[EventCountry "KAZ"]
[SourceTitle "playchess.com"]
[Source "ChessBase"]
[SourceQuality "1"]

1. e4 e5 2. Nf3 Nc6 3. Bb5 a6 4. Ba4 Nf6 5. O-O b5 6. Bb3 Bc5 7. a4 Rb8 8. c3 d6 9. d4 Bb6 10. Qd3 O-O 11. Bg5 h6 12. Bxf6 Qxf6 13. axb5 axb5 14. Qxb5 Bd7 15. Bd5 Bxd4 16. Qa4 Ra8 17. Qxa8 Rxa8 18. Rxa8+ Kh7 19. cxd4 Nxd4 20. Nxd4 exd4 21. Ra3 Bg4 22. Re1 Bh5 23. Nd2 d3 24. Rxd3 Qxb2 25. Nf1 Qb4 26. Rc1 c5 27. Ne3 Qb2 28. Rdc3 Qd2 29. h3 Bg6 30. Nc4 Qd4 31. Nxd6 Qf6 32. Nf5 Qg5 33. Rxc5 Bh5 34. Ng3 Bg6 35. Bxf7 Qf4 36. Bxg6+ Kxg6 37. Rc7 h5 38. Rxg7+ Kh6 39. Nf5+ 1-0

[Event "FIDE WRBTC Blitz-Pool 2024"]
[Site "Astana"]
[Date "2024.08.05"]
[Round "1.7"]
[White "Bolat, Inayat"]
[Black "Isanzhulov, Arystan"]
[Result "0-1"]
[WhiteElo "2264"]
[BlackElo "2401"]
[Annotator "ChessBase"]
[PlyCount "66"]
[EventDate "2024.08.01"]
[EventType "team-tourn"]
[EventCountry "KAZ"]
[SourceTitle "playchess.com"]
[Source "ChessBase"]
[SourceQuality "1"]

1. e4 e5 2. Nf3 Nf6 3. Nxe5 d6 4. Nf3 Nxe4 5. Nc3 Nf6 6. d4 g6 7. Be3 Bg7 8. Qd2 h6 9. O-O-O Nc6 10. Bb5 a6 11. Bc4 Ne7 12. Rhe1 Kf8 13. Kb1 b5 14. Bd3 Bb7 15. Bf4 Qd7 16. Ne4 Nxe4 17. Bxe4 Bxe4 18. Rxe4 Nd5 19. Rde1 Kg8 20. h4 Kh7 21. h5 Rhe8 22. hxg6+ fxg6 23. Bg3 Rxe4 24. Rxe4 Qf7 25. a3 a5 26. Qd3 Rb8 27. Re1 b4 28. Ka1 bxa3 29. Qxa3 Qd7 30. Rh1 Rb4 31. Kb1 Qf5 32. Qxa5 Nc3+ 33. Kc1 Qxa5 0-1

[Event "FIDE WRBTC Blitz-Pool 2024"]
[Site "Astana"]
[Date "2024.08.05"]
[Round "1.8"]
[White "Tabatabaei, M. Amin"]
[Black "Jumabayev, Rinat"]
[Result "1-0"]
[WhiteElo "2712"]
[BlackElo "2577"]
[Annotator "ChessBase"]
[PlyCount "101"]
[EventDate "2024.08.01"]
[EventType "team-tourn"]
[EventCountry "KAZ"]
[SourceTitle "playchess.com"]
[Source "ChessBase"]
[SourceQuality "1"]

1. d4 Nf6 2. Nf3 e6 3. c3 b6 4. Bg5 Bb7 5. Nbd2 Be7 6. e3 c5 7. Bd3 cxd4 8. exd4 d6 9. O-O Nbd7 10. Re1 O-O 11. a4 a6 12. Qe2 Qc7 13. h3 Rfe8 14. Bf4 Bf8 15. Bh2 g6 16. Ng5 e5 17. dxe5 Nxe5 18. Nge4 Nfd7 19. Qf1 Qc6 20. Bc2 d5 21. Ng5 Nc4 22. Nxc4 Qxc4 23. Nf3 Qxf1+ 24. Kxf1 Bg7 25. Bf4 Nc5 26. Be3 Rac8 27. Bd4 Ne6 28. Bxb6 d4 29. Be4 Bxe4 30. Rxe4 dxc3 31. bxc3 Rxc3 32. Rd1 h5 33. a5 Bf6 34. Re3 Rxe3 35. Bxe3 Be7 36. Rd7 Bb4 37. Bb6 Rc8 38. Ra7 Rc2 39. Rxa6 Nf4 40. Be3 Nd5 41. Ra8+ Kh7 42. Bd4 f6 43. g3 g5 44. a6 g4 45. hxg4 hxg4 46. Nh4 Ra2 47. a7 Bc3 48. Bxc3 Nxc3 49. Rc8 Ra1+ 50. Kg2 Rxa7 51. Rxc3 1-0

[Event "FIDE WRBTC Blitz-Pool 2024"]
[Site "Astana"]
[Date "2024.08.05"]
[Round "1.8"]
[White "Ismagambetov, Anuar"]
[Black "Skak, Abuali"]
[Result "1-0"]
[WhiteElo "2520"]
[BlackElo "1969"]
[Annotator "ChessBase"]
[PlyCount "75"]
[EventDate "2024.08.01"]
[EventType "team-tourn"]
[EventCountry "KAZ"]
[SourceTitle "playchess.com"]
[Source "ChessBase"]
[SourceQuality "1"]

1. e4 e5 2. Nf3 Nc6 3. Bb5 Nge7 4. Nc3 Ng6 5. h4 Be7 6. h5 Nh4 7. Nxh4 Bxh4 8. d3 h6 9. Be3 d6 10. g3 Bg5 11. Qe2 Bxe3 12. Qxe3 Bd7 13. Bxc6 bxc6 14. O-O-O f5 15. exf5 Bxf5 16. d4 O-O 17. dxe5 Bg4 18. Rd2 Qb8 19. exd6 cxd6 20. f4 d5 21. Na4 Qd6 22. Qc5 Qf6 23. Qd4 Qd6 24. Nc5 a5 25. b3 Rab8 26. Kb2 Rb4 27. Qe3 a4 28. Nxa4 Rxa4 29. bxa4 Rb8+ 30. Ka1 Bf5 31. Rb1 Rxb1+ 32. Kxb1 Qb4+ 33. Kc1 Be4 34. Qb3 Qc5 35. Kb2 Qg1 36. a5 Qa7 37. Qb6 Qa8 38. a6 1-0

[Event "FIDE WRBTC Blitz-Pool 2024"]
[Site "Astana"]
[Date "2024.08.05"]
[Round "1.8"]
[White "Altynbekuly, Madiyar"]
[Black "Shubin, Kirill"]
[Result "0-1"]
[WhiteElo "2114"]
[BlackElo "2459"]
[Annotator "ChessBase"]
[PlyCount "61"]
[EventDate "2024.08.01"]
[EventType "team-tourn"]
[EventCountry "KAZ"]
[SourceTitle "playchess.com"]
[Source "ChessBase"]
[SourceQuality "1"]

1. d4 Nf6 2. Bf4 e6 3. e3 b6 4. Nd2 Bb7 5. Ngf3 d6 6. h3 Nbd7 7. Bd3 h6 8. Qe2 g5 9. Bh2 Bg7 10. c3 Qe7 11. e4 Nh5 12. O-O-O Nf4 13. Bxf4 gxf4 14. e5 d5 15. g3 fxg3 16. Rhg1 h5 17. Rxg3 Bh6 18. Kb1 O-O-O 19. Rdg1 Kb8 20. Ng5 c5 21. Qxh5 Rdf8 22. Qe2 cxd4 23. cxd4 Bxg5 24. Rxg5 Rxh3 25. Nf3 Ka8 26. a3 Nb8 27. Qe3 Nc6 28. Qf4 a6 29. Rg8 Rh8 30. Rxh8 Rxh8 31. Rg7 0-1